书目信息 |
| 题名: |
饮品广告的奥秘
|
|
| 作者: | 李元根 著 | |
| 分册: | ||
| 出版信息: | 广州 广东经济出版社 2002.08 |
|
| 页数: | 10, 258页 | |
| 开本: | 23cm | |
| 丛书名: | 新视界广告与品牌书系 | |
| 单 册: | ||
| 中图分类: | F713.8 | |
| 科图分类: | ||
| 主题词: | 饮料--商业广告--研究 | |
| 电子资源: | ||
| ISBN: | 7-80677-252-9 | |
| 000 | 01034nam 2200277 450 | |
| 001 | 012008932703 | |
| 005 | 20080424160628.01 | |
| 010 | @a7-80677-252-9@dCNY36.00 | |
| 100 | @a20080424d2002 km y0chiy0120 ea | |
| 101 | 0 | @achi |
| 102 | @aCN@b440000 | |
| 105 | @aa a 000yy | |
| 106 | @ar | |
| 200 | 1 | @a饮品广告的奥秘@Ayin pin guang gao de ao mi@d= Drink advertisement@f李元根著@Fli yuan gen zhu@zeng |
| 210 | @a广州@c广东经济出版社@d2002.08 | |
| 215 | @a10, 258页@c图@d23cm | |
| 225 | 2 | @a新视界广告与品牌书系 |
| 320 | @a有书目 (第258页)。 | |
| 330 | @a本书是一本详细论述国内外饮品广告的专业著作,系统的阐述了饮品行业的核心竞争力及其广告的迷人魅力,全书分为八章:占领阵地——饮品行业竞争的竞争态势;明确契机——饮品广告的策略制定;找准方向——饮品广告的定位招数等。 | |
| 410 | 0 | @12001 @a新视界广告与品牌书系 |
| 510 | @aDrink advertisement@zeng | |
| 606 | 0 | @a饮料@x商业广告@x研究 |
| 690 | @aF713.8@v4 | |
| 701 | 0 | @a李元根@Ali yuan gen@4著 |
| 801 | 0 | @aCN@bQSSK@c20080424 |
| 905 | @b20703661-63@dF713.8@eL321@f3 | |
| 饮品广告的奥秘= Drink advertisement/李元根著.-广州:广东经济出版社,2002.08 |
| 10, 258页:图;23cm.-(新视界广告与品牌书系) |
| ←并列题名:Drink advertisement |
| ISBN 7-80677-252-9:CNY36.00 |
| 本书是一本详细论述国内外饮品广告的专业著作,系统的阐述了饮品行业的核心竞争力及其广告的迷人魅力,全书分为八章:占领阵地——饮品行业竞争的竞争态势;明确契机——饮品广告的策略制定;找准方向——饮品广告的定位招数等。 |
| ● |
| 相关链接 |
|
|
|
正题名:饮品广告的奥秘
索取号:F713.8/L321
 
预约/预借
| 序号 | 登录号 | 条形码 | 馆藏地/架位号 | 状态 | 备注 |
| 1 | 703661 | 207036615 | 社科库409/409社科库 44排5列1层/ [索取号:F713.8/L321] | 在馆 | |
| 2 | 703662 | 207036624 | 社科库409/409社科库 44排5列1层/ [索取号:F713.8/L321] | 在馆 | |
| 3 | 703663 | 207036633 | 社科库409/409社科库 44排5列1层/ [索取号:F713.8/L321] | 在馆 |